000 01105nam a22003137a 4500
005 20111209110855.0
008 111209t xxu||||| |||| 00| 0 eng d
010 _aENG-104296
020 _a9780071332514
_c325.00
020 _a0071332510
_c325.00
035 _aEN -87829
037 _bDBAD/PUB
040 _aDPL
_bEng
082 _a006.702465
100 _936352
_aKlososky, scott
245 _aManager's guide to social media /
_cby Scott Klososky
260 _aNew Delhi
_bTata McGraw Hill
_c2011
270 _a7 West Patel Nagar
_bNew Delhi
_e110008
300 _axiii,193p.
_c23cm(pbk)
500 _aIncludes index
610 _936477
650 _936353
_aPersonal Internet use in the workplace.
650 _936481
_aSocial media.
650 _aInformation technology
_xManagement.
_936757
650 _aManagement
_xSocial aspects.
_936758
700 _936394
942 _2ddc
_cEN
_mKLO
_h006.702465
999 _c59179
_d59179